000 00504nam a2200169 i 4500
001 104131
003 ES-MaACL
005 20230906183523.0
007 t|
008 051123s1911 gw ||||1| ger d
100 1 _aMichaelis, Paul.
_980861
245 1 0 _aVon Bismarck bis Bethmann
_b: die Politik und Kultur /
_cvon Paul Michaelis.
260 _aBerlin :
_bSchuster & Loeffler,
_c1911.
300 _a366 p. ;
_c19 cm.
651 4 _aAlemania-
_xHistoria-
_y1871-1918.
_97660
852 _aES-MaACL
_jD-698
999 _c104131
_d104131